| 000 | 00616pam a2200217 i 4500 | ||
|---|---|---|---|
| 001 | 3162515 | ||
| 005 | 20231211043928.0 | ||
| 008 | 750818t19761973nyu b 001 0 eng | ||
| 020 | _a0904383563 | ||
| 040 |
_aDLC _cDLC _dDLC |
||
| 082 | 0 | 0 |
_a301.41/2/0941 _222 _bShe. |
| 100 | 1 | _aRowbotham, Sheila. | |
| 245 | 1 | 0 |
_aHidden from history : _brediscovering women in history from the 17th century to the present / _cSheila Rowbotham. |
| 250 | _a3rd. | ||
| 260 |
_aNew York : _bVintage Books, _c1976, c1973. |
||
| 300 | _aviii, 183 p. ; | ||
| 500 | _aIncludes index. | ||
| 650 | 0 | _aWomen | |
| 650 | 0 | _aWomen | |
| 942 | _cL | ||
| 999 |
_c173 _d173 |
||